Pokémon groupe d'Œuf-Amorphe - Statistiques

Statistiques générales
  • Ce quiz a été pris 24 fois
    16 depuis la dernière actualisation
  • Le résultat moyen est 39 sur 63
Statistiques - réponses
Deuxième
Groupe d'Œuf
Pokémon % Correct
Grotadmorv
100%
Tadmorv
100%
Végétal Brocélôme
80%
Végétal Desséliande
80%
Ectoplasma
80%
Fantominus
80%
Humanoïde Gallame
80%
Humanoïde Gardevoir
80%
Humanoïde Kirlia
80%
Végétal Pitrouille
80%
Smogo
80%
Smogogo
80%
Spectrum
80%
Humanoïde Tarsal
80%
Anchwatt
60%
Avaltout
60%
Végétal Banshitrouye
60%
Baudrive
60%
Branette
60%
Féerique Charmilly
60%
Féerique Crèmy
60%
Draconique Dispareptil
60%
Éoko
60%
Draconique Fantyrm
60%
Feuforêve
60%
Gloupti
60%
Grodrive
60%
Lampéroie
60%
Draconique Lanssorien
60%
Limagma
60%
Magirêve
60%
Méios
60%
Mimiqui
60%
Féerique Morphéo
60%
Motisma
60%
Moyade
60%
Nucléos
60%
Ohmassacre
60%
Polichombr
60%
Minéral Polthégeist
60%
Qulbutoké
60%
Aquatique 1 Sancoki
60%
Skelénox
60%
Symbios
60%
Téraclope
60%
Minéral Théffroi
60%
Aquatique 1 Tritosor
60%
Minéral Tutafeh
60%
Minéral Tutankafer
60%
Viskuse
60%
Volcaropod
60%
Bacabouh
40%
Funécire
40%
Aquatique 1 Limonde
40%
Lugulabre
40%
Mélancolux
40%
Noctunoir
40%
Minéral Poltchageist
40%
Spiritomb
40%
Minéral Théffroyable
40%
Trépassable
40%
Minéral Tutétékri
40%
Aquatique 1 Wattapik
40%
Aucun quiz correspondant
Distribution des résultats
% des personnes avec chaque résultat
Percentile par nombre de réponses
Votre historique - résultats
Vous n’avez pas pris ce quiz depuis la dernière actualisation